000 00715nam a2200229Ii 4500
003 JO-AjNU
008 230605s9999||||xx |||||||||||||| ||und||
017 _a2008/5/1692
020 _a9957-16-404-1
040 _aJO-AjNU
_bara
_erda
_cJO-AjNU
041 _aara
050 1 4 _aRJ790.M8348 2009
100 3 _aالعبيدي ، محمد جاسم ,
_eauthor
_928540
245 0 0 _aمشكلات الصحة النفسية
250 _aط2
264 3 1 _aعمان:دار المسيرة للنشر ، 2011
300 _a394ص
336 _atext
_btxt
_2rdacontent
337 _aunmediated
_bn
_2rdamedia
338 _avolume
_bnc
_2rdacarrier
650 4 _aالطب النفسي - الصحة النفسية
_928541
999 _aA11082
_c14650
_d14650